1777 1750 1881 1425 1343 1338 1111 1167 1334 1960 1346 1652 1923 1399 1692 1319 1866 1105 1484 1203 1000 1102 1865 1503 1301 1975 1454 1113 1468 1162 1809 1628 1551 1420 1263 1862 1165 1375 1234 1228 1341 1181 1829 1171 1809 1455 1816 1291 1816 1401 1334 1343 1227 1529 1597 1997 1960 1733 1473 1084 1238 1899 1623 1421 1901 1518 1085 1735 1579 1774 1021 1114 1948 1770 1753 1703 1394 1045 1790 1456 1288 1926 1836 1686 1924 1591 1229 1926 1553 1599 1550 1296 1902 1961 1807 1382 1391 1468 1967 BCNSPRNW ULIB Ver.6.0+V

เปลี่ยนเป็นภาษาไทย

Change to English
 แสดงรายละเอียดบรรณานุกรม
  กลับหน้าหลัก

Brief Record : Get Marc (ISO 2709) : E-mail record : QR code < ปิดหน้าต่าง
LEADER : 00000nam 2200000uu 4500
001    13399121341
003     ULIB
008    020711s2546 th a 000 0 tha d
020    9749165829
090    รส.^bอ580ข
100    อัศศิริ ธรรมโชติ
245    ขุนทอง เจ้าจะกลับเมื่อฟ้าสาง/^cอัศศิริ ธรรมโชติ
250    พิมพ์ครั้งที่ 1
260    กรุงเทพฯ :^bมูลนิธิสถาบันวิชาการ,^c2546
300    120 หน้า
945    ^p0^l0^i14346
999    ^aกัณชพร
รายการนี้ยังไม่มีแท็ก
คุณยังไม่ได้ล็อกอิน คุณสามารถมีกิจกรรมร่วมกับเว็บไซต์ได้ แต่ต้องล็อกอินก่อน ::
  ล็อกอิน

รายการสื่อสารสนเทศ

ลำดับที่ ประเภท เลขเรียก/บาร์โค้ด สถานที่ สถานะ
1. วิทยาศาสตร์การแพทย์ และสุขภาพ
วิทยาศาสตร์การแพทย์ และสุขภาพ
รส. อ580ข  
  Barcode: 14346
ห้องสมุดวิทยาเขตสวรรค์ประชารักษ์
►นวนิยาย
บนชั้น
  ขอยืม

BibComment


ยังไม่เคยถูกคอมเมนท์

คอมเมนท์ทรัพยากรรายการนี้
  คอมเมนท์: ขุนทอง เจ้าจะกลับ..


 Copyright 2026. Bcnsprnw @Library